Quantitative Analysis for Management (Record no. 2391)

MARC details
005 - DATE AND TIME OF LATEST TRANSACTION
control field 20250516111443.0
020 ## - INTERNATIONAL STANDARD BOOK NUMBER
International Standard Book Number 0-13-153688-5
082 ## - DEWEY DECIMAL CLASSIFICATION NUMBER
Classification number 658. 403 REN
100 ## - MAIN ENTRY--PERSONAL NAME
Author name RENDER, B.
245 ## - TITLE STATEMENT
Title Quantitative Analysis for Management
250 ## - EDITION STATEMENT
Edition statement 9th Ed.
260 ## - PUBLICATION, DISTRIBUTION, ETC.
Place of publication, distribution, etc. Singapore,
Name of publisher, distributor, etc. Prentice Hall,
Date of publication, distribution, etc. 2006.
300 ## - PHYSICAL DESCRIPTION
Extent xix, 731p.: ill.; figure, picture, table.
Other physical details Bibliography, index.
Dimensions 27cm.
700 ## - ADDED ENTRY--PERSONAL NAME
Other authors/Editors STAIR, R. M. & HANNA, M. E
856 ## - ELECTRONIC LOCATION AND ACCESS
Link text Access online book
Electronic name Quantitative Analysis for Management
Path www.prenhall.com
942 ## - ADDED ENTRY ELEMENTS (KOHA)
Source of classification or shelving scheme Dewey Decimal Classification
Koha item type Books
Holdings
Date last seen Total checkouts Full call number Barcode Cost, replacement price Price effective from Koha item type Lost status Source of classification or shelving scheme Damaged status Not for loan Withdrawn status Home library Current library Shelving location Date acquired Cost, normal purchase price
06/27/2025   658.403REN DOM0001126 88500.00 06/27/2025 Books   Dewey Decimal Classification       CBE Dodoma CBE Dodoma General Collection 10/26/2009 29500.00
05/16/2025   658. 403 REN 0000008985 88500.00 05/16/2025 Books   Dewey Decimal Classification       College of Business Education Main Library College of Business Education Main Library General Collection 10/26/2009 29500.00
05/16/2025   658. 403 REN 0000008986 88500.00 05/16/2025 Books   Dewey Decimal Classification       College of Business Education Main Library College of Business Education Main Library General Collection 10/26/2009 29500.00
05/16/2025   658. 403 REN 0000008987 88500.00 05/16/2025 Books   Dewey Decimal Classification       College of Business Education Main Library College of Business Education Main Library General Collection 10/26/2009 29500.00
05/16/2025   658. 403 REN 0000008988 88500.00 05/16/2025 Books   Dewey Decimal Classification       College of Business Education Main Library College of Business Education Main Library General Collection 10/26/2009 29500.00
05/16/2025   658. 403 REN 0000008989 88500.00 05/16/2025 Books   Dewey Decimal Classification       College of Business Education Main Library College of Business Education Main Library General Collection 10/26/2009 29500.00
05/16/2025   658. 403 REN 0000008990 88500.00 05/16/2025 Books   Dewey Decimal Classification       College of Business Education Main Library College of Business Education Main Library General Collection 10/26/2009 29500.00